| 000 | 00871nam a2200277 a 4500 | ||
|---|---|---|---|
| 001 | 39742 | ||
| 003 | BD-RjUL | ||
| 005 | 20211209053041.0 | ||
| 008 | 160417s1997 bg a|||| |||| 00| 0 eng d | ||
| 020 |
_a9845550126 _c: Tk. 400.00 |
||
| 035 | _a(BD-RjUL) 39855 | ||
| 040 |
_aBD-RjUL _beng _cBD-RjUL |
||
| 041 | _aeng | ||
| 041 | _aben | ||
| 082 |
_223 _a759.95492 _bISZ 1997 |
||
| 100 |
_aIslam, Nazrul _9122503 |
||
| 245 | 1 | 0 |
_aজয়নুল আবেদিন = Zainul Aedin / _cNazrul Islam |
| 260 |
_aDhaka : _bBangladesh Shilkala Academy, _c1997 |
||
| 300 |
_a79 p. : _bill. ; _c29 cm. |
||
| 490 |
_aArt of Bangladesh ; _vSeries 1 |
||
| 504 | _aIncludes biography | ||
| 600 |
_aAbedin, Zainul, _d1914-1976 _yBangladesh _9122519 |
||
| 650 |
_aPainters _9122388 _xBiography _zBangladesh |
||
| 830 |
_aArt of Bangladesh ; _vSeries 1 _9122520 |
||
| 942 |
_2ddc _cBK |
||
| 999 |
_c39742 _d39742 |
||